banner-ar

STRESS, STABILITY AND CHAOS / (Record no. 7021)

MARC details
000 -الفاتح
حقل البيانات ثابتة الطول 00489nam a2200181Ia 4500
008 - عناصر البيانات ثابتة الطول - معلومات عامة
حقل البيانات ثابتة الطول 140319s9999 xx 000 0 eng d
040 ## - مصدر الفهرسة
وكالة الفهرسة الأصلية GCL /
وكالة النسخ GCL
082 04 - رقم تصنيف ديوى العشرى
رقم التصنيف 624.171
رقم المادة M S
100 1# - المدخل الرئيسى - إسم شخصى
الإسم الشخصى M.S.EL NASHCIE
245 10 - بيان العنوان
العنوان STRESS, STABILITY AND CHAOS /
بيان المسئوليه,etc M.S.EL NASHCIE
700 1# - المدخل الاضافى - اسم شخصى
الإسم الشخصى S. AL ATHEL
260 ## - PUBLICATION, DISTRIBUTION, ETC. (IMPRINT)
تاريخ النشر أو التوزيع 1989
300 ## - الوصف المادى
التعداد 24 CM ؛
أبعاد الوعاء 774 P
650 04 - المدخل الاضافى بالموضوع-مصطلح موضوعى
مصطلح موضوعي STRUCTURAL ENGINEERING
650 04 - المدخل الاضافى بالموضوع-مصطلح موضوعى
مصطلح موضوعي ENGINEERING
942 ## - عناصر المدخل الإضافي( كوها)
مصدر التصنيف او مخطط الترفيف Dewey Decimal Classification
Koha [default] item type كتاب
260 ## - PUBLICATION, DISTRIBUTION, ETC. (IMPRINT)
-- الرياض :
-- KING SAUD UNIVERSITY ،
Holdings
حالة التراجع حالة الفقد حالة تلف ليس للاعارة المكان المؤقت الموقع الحالى تاريخ الاكتساب اجمالي اﻻعارات رقم الطلب الباركود تاريخ اخر مشاهدة تاريخ تفعيل السعر نوع وعاء كوها
        مكتبة القاهرة الكبرى مكتبة القاهرة الكبرى 03/26/2014   624.171\M S 14648 03/26/2014 03/26/2014 كتاب

Powered By

EGPV